[Event "Mariupol CC 50th Aniversary"]
[Site "Mariupol"]
[Date "2021.06.11"]
[Round "5"]
[White "Tsirulnik, Maritsa"]
[Black "Penza, Denis"]
[Result "1/2-1/2"]
[WhiteElo "2099"]
[BlackElo "1901"]
[PlyCount "99"]
[EventDate "2021.06.08"]
[EventType "swiss"]
[EventRounds "9"]
[EventCountry "UKR"]
[SourceTitle "EXT 2023"]
[Source "ChessBase"]
[SourceDate "2022.10.05"]
[SourceVersion "1"]
[SourceVersionDate "2022.10.05"]
[SourceQuality "1"]

1. d4 d5 2. c4 c6 3. Nf3 Nf6 4. g3 dxc4 5. Ne5 c5 6. Qa4+ Nbd7 7. Qxc4 e6 8. Bg2 cxd4 9. Nxd7 Qxd7 10. 0-0 Be7 11. Rd1 e5 12. Nc3 0-0 13. e3 Qe6 14. Qxe6 Bxe6 15. exd4 exd4 16. Rxd4 Rad8 17. Rxd8 Rxd8 18. Bxb7 h6 19. Bf3 Bc5 20. Na4 Bd4 21. Be3 Bxe3 22. fxe3 Rd2 23. Rd1 Rxd1+ 24. Bxd1 Bxa2 25. Nc3 Bc4 26. Kf2 Kf8 27. e4 Ke7 28. Ke3 Nd7 29. Kd4 Be6 30. Nb5 a5 31. Be2 f6 32. Nc7 Bf7 33. Bc4 Bxc4 34. Kxc4 Ne5+ 35. Kb5 Nd3 36. b3 Nc1 37. Kc4 Kd7 38. Nb5 Ke6 39. Nd4+ Ke5 40. Nc6+ Kxe4 41. Nxa5 Nxb3 42. Nxb3 Kf3 43. Kd4 Kg2 44. Ke4 Kxh2 45. Kf3 h5 46. Nd4 g5 47. Ne2 f5 48. Nd4 h4 49. gxh4 gxh4 50. Nxf5 1/2-1/2

[Event "Mariupol CC 50th Aniversary"]
[Site "Mariupol"]
[Date "2021.06.10"]
[Round "4"]
[White "Yeshchenko, Uliana"]
[Black "Tsirulnik, Maritsa"]
[Result "1/2-1/2"]
[WhiteElo "1991"]
[BlackElo "2099"]
[PlyCount "105"]
[EventDate "2021.06.08"]
[EventType "swiss"]
[EventRounds "9"]
[EventCountry "UKR"]
[SourceTitle "EXT 2023"]
[Source "ChessBase"]
[SourceDate "2022.10.05"]
[SourceVersion "1"]
[SourceVersionDate "2022.10.05"]
[SourceQuality "1"]

1. d4 d5 2. Nc3 Nf6 3. Bf4 a6 4. e3 e6 5. g4 h6 6. h4 c5 7. Qf3 Nc6 8. 0-0-0 b5 9. g5 hxg5 10. hxg5 Rxh1 11. Qxh1 b4 12. Nce2 Ne4 13. Qg2 c4 14. f3 b3 15. axb3 Nd6 16. Bxd6 Bxd6 17. bxc4 dxc4 18. Nc3 Na5 19. g6 f5 20. Qh3 Bd7 21. d5 Qb6 22. Qh8+ Bf8 23. Qg8 Qxe3+ 24. Kb1 0-0-0 25. Qf7 Qb6 26. dxe6 Qxe6 27. Qxe6 Bxe6 28. Re1 Kd7 29. Nh3 Bb4 30. Ng5 Bxc3 31. bxc3 Bd5 32. Bh3 Rf8 33. Nh7 Rb8+ 34. Kc1 Kd6 35. Bxf5 Nc6 36. Ng5 Ne7 37. Be4 Bg8 38. Kd2 a5 39. Ra1 Rb5 40. f4 Bd5 41. Ke3 Bxe4 42. Nxe4+ Ke6 43. Kd4 Nxg6 44. Kxc4 Rf5 45. Nc5+ Kf6 46. Rxa5 Rxf4+ 47. Kd5 Ne7+ 48. Kd6 Nf5+ 49. Kd7 Ne3 50. Ra6+ Kf7 51. Ne6 Rf6 52. Ng5+ Kg6 53. Rxf6+ 1/2-1/2

[Event "Mariupol CC 50th Aniversary"]
[Site "Mariupol"]
[Date "2021.06.09"]
[Round "3"]
[White "Tsirulnik, Maritsa"]
[Black "Tribushnaya, Olga"]
[Result "1/2-1/2"]
[WhiteElo "2099"]
[BlackElo "1715"]
[PlyCount "93"]
[EventDate "2021.06.08"]
[EventType "swiss"]
[EventRounds "9"]
[EventCountry "UKR"]
[SourceTitle "EXT 2023"]
[Source "ChessBase"]
[SourceDate "2022.10.05"]
[SourceVersion "1"]
[SourceVersionDate "2022.10.05"]
[SourceQuality "1"]

1. d4 d5 2. c4 e6 3. g3 Nf6 4. Bg2 dxc4 5. Qa4+ Nbd7 6. Be3 Nd5 7. Qxc4 Nxe3 8. fxe3 a6 9. Nc3 b5 10. Qd3 Rb8 11. Nf3 Bb7 12. e4 Nf6 13. e5 Nd5 14. 0-0 c5 15. e3 cxd4 16. exd4 Nxc3 17. bxc3 Be7 18. a4 Bd5 19. Nd2 Bxg2 20. Kxg2 0-0 21. axb5 axb5 22. Ne4 f6 23. exf6 Bxf6 24. Nxf6+ Rxf6 25. Rxf6 Qxf6 26. Rb1 Qg5 27. c4 b4 28. h4 Qa5 29. Rb2 Qa1 30. Qb1 Qxb1 31. Rxb1 b3 32. Kf3 Rb4 33. Ke4 Rxc4 34. Rxb3 Kf7 35. Ke5 Rc7 36. Rb6 Rd7 37. g4 Rd5+ 38. Ke4 h6 39. Rc6 Kf6 40. Rc5 Rd7 41. g5+ hxg5 42. hxg5+ Kg6 43. Ke5 Kf7 44. Rb5 g6 45. Ke4 Ke7 46. Ra5 Kf7 47. Ke5 1/2-1/2

[Event "EU-Cup Online Gr-D (Women)"]
[Site "Tornelo INT"]
[Date "2020.12.20"]
[Round "9.3"]
[White "Mammadova, Gulnar Marfat Qizi"]
[Black "Tsirulnik, Maritsa"]
[Result "1-0"]
[WhiteElo "2382"]
[BlackElo "2139"]
[PlyCount "75"]
[EventDate "2020.12.19"]
[EventType "team-tourn (rapid)"]
[EventRounds "9"]
[EventCountry "ISS"]
[SourceTitle "CBM 199 Extra"]
[Source "ChessBase"]
[SourceDate "2021.01.31"]
[SourceVersion "1"]
[SourceVersionDate "2021.01.31"]
[SourceQuality "1"]
[WhiteTeam "Odlar Yurdu (W)"]
[BlackTeam "Dnipro (W)"]
[WhiteTeamCountry "AZE"]
[BlackTeamCountry "UKR"]

1. e4 c5 2. b3 g6 3. Bb2 f6 4. Nc3 Bg7 5. f4 e6 6. Nb5 d6 7. d4 a6 8. Nc3 cxd4 9. Qxd4 Nc6 10. Qd2 f5 11. 0-0-0 fxe4 12. Nxe4 Bxb2+ 13. Kxb2 d5 14. Qc3 d4 15. Qc5 Nge7 16. Nf6+ Kf7 17. Ng4 Qd5 18. Qb6 Nf5 19. Nf3 Qd8 20. Qc5 Qe7 21. Nge5+ Nxe5 22. Qxe5 Rd8 23. Bc4 Ne3 24. Rxd4 Nxc4+ 25. Rxc4 Qf6 26. Ng5+ Kg7 27. Rc7+ Rd7 28. Nxe6+ Kf7 29. Ng5+ Kg7 30. Rxd7+ Bxd7 31. Qxf6+ Kxf6 32. Nxh7+ Kf5 33. g3 Rh8 34. Ng5 Bc6 35. Re1 Rxh2 36. Re3 Rg2 37. Nf7 Rf2 38. Nh6+ 1-0

[Event "EU-Cup Online Gr-D (Women)"]
[Site "Tornelo INT"]
[Date "2020.12.20"]
[Round "5.4"]
[White "Tsirulnik, Maritsa"]
[Black "Esadze, Tamari"]
[Result "0-1"]
[WhiteElo "2139"]
[BlackElo "1889"]
[PlyCount "86"]
[EventDate "2020.12.19"]
[EventType "team-tourn (rapid)"]
[EventRounds "9"]
[EventCountry "ISS"]
[SourceTitle "CBM 199 Extra"]
[Source "ChessBase"]
[SourceDate "2021.01.31"]
[SourceVersion "1"]
[SourceVersionDate "2021.01.31"]
[SourceQuality "1"]
[WhiteTeam "Dnipro (W)"]
[BlackTeam "Tbilisi Chess Academy (W)"]
[WhiteTeamCountry "UKR"]
[BlackTeamCountry "GEO"]

1. d4 d5 2. c4 e6 3. g3 Nf6 4. Bg2 dxc4 5. Qa4+ Bd7 6. Qxc4 Bc6 7. Nf3 Nbd7 8. 0-0 Be7 9. Qc2 0-0 10. Nc3 Bb4 11. a3 Bxc3 12. bxc3 h6 13. a4 Re8 14. c4 Be4 15. Qb3 c5 16. e3 Qc7 17. Bb2 Qc6 18. Ne1 Bxg2 19. Nxg2 Rac8 20. Rac1 Ne4 21. d5 exd5 22. cxd5 Qb6 23. Qc2 c4 24. Bd4 Qa5 25. f3 Nd6 26. e4 b5 27. axb5 Nxb5 28. Be3 Ne5 29. Nh4 c3 30. Ra1 Qc7 31. Nf5 Nc4 32. Bf4 Qc5+ 33. Qf2 Qxf2+ 34. Rxf2 Nb2 35. Rc2 Nd3 36. Bc1 Nb4 37. Re2 Kh7 38. Ra5 Rb8 39. Rxb5 Rxb5 40. Nd6 Rxd5 41. Nxe8 Rd1+ 42. Kf2 Rxc1 43. Nd6 c2 0-1

[Event "EU-Cup Online Gr-D (Women)"]
[Site "Tornelo INT"]
[Date "2020.12.19"]
[Round "1.2"]
[White "Tsirulnik, Maritsa"]
[Black "Velikic, Adela"]
[Result "1-0"]
[WhiteElo "2139"]
[BlackElo "2278"]
[PlyCount "87"]
[EventDate "2020.12.19"]
[EventType "team-tourn (rapid)"]
[EventRounds "9"]
[EventCountry "ISS"]
[SourceTitle "CBM 199 Extra"]
[Source "ChessBase"]
[SourceDate "2021.01.31"]
[SourceVersion "1"]
[SourceVersionDate "2021.01.31"]
[SourceQuality "1"]
[WhiteTeam "Dnipro (W)"]
[BlackTeam "Wachtebeke De Pluspion (W)"]
[WhiteTeamCountry "UKR"]
[BlackTeamCountry "BEL"]

1. d4 d5 2. c4 c6 3. Nf3 Nf6 4. g3 Bf5 5. Nc3 e6 6. Nh4 Be4 7. f3 Bg6 8. Qb3 Qb6 9. c5 Qxb3 10. axb3 Na6 11. Nxg6 hxg6 12. Ra4 Nc7 13. Bf4 Kd7 14. b4 Nh5 15. e4 Nxf4 16. gxf4 a6 17. Kf2 Be7 18. Bg2 Rh4 19. Ke3 Rah8 20. h3 Ne8 21. Bf1 Bd8 22. Rg1 Bc7 23. e5 Bd8 24. Rg4 g5 25. fxg5 Rxg4 26. hxg4 Bxg5+ 27. f4 Bd8 28. Ra1 g5 29. f5 exf5 30. gxf5 Ng7 31. Bd3 Rh3+ 32. Kd2 Rf3 33. f6 Ne6 34. Ne2 Rf2 35. Ke3 Rh2 36. Bf5 Rh4 37. Rg1 a5 38. Rxg5 Rh8 39. Rg7 Rf8 40. Nf4 Kc8 41. Bxe6+ fxe6 42. Nxe6 Rh8 43. f7 Be7 44. Rg8+ 1-0

[Event "UKR-ch (Women) 80th"]
[Site "Kherson"]
[Date "2020.12.14"]
[Round "9"]
[White "Tsirulnik, Maritsa"]
[Black "Yeshchenko, Uliana"]
[Result "1/2-1/2"]
[WhiteElo "2139"]
[BlackElo "1872"]
[PlyCount "83"]
[EventDate "2020.12.06"]
[EventType "swiss"]
[EventRounds "9"]
[EventCountry "UKR"]
[SourceTitle "CBM 199 Extra"]
[Source "ChessBase"]
[SourceDate "2021.01.31"]
[SourceVersion "1"]
[SourceVersionDate "2021.01.31"]
[SourceQuality "1"]

1. d4 d5 2. c4 e6 3. g3 Nf6 4. Bg2 Be7 5. Nf3 0-0 6. 0-0 b6 7. Nc3 Bb7 8. Ne5 Nbd7 9. cxd5 Nxd5 10. Qb3 Nxc3 11. Qxc3 Bxg2 12. Kxg2 Nxe5 13. dxe5 Qd5+ 14. f3 Qb5 15. Be3 Rac8 16. Kf2 Rfd8 17. Rfd1 Rd5 18. Rxd5 exd5 19. Rd1 Qd7 20. Qd3 Rd8 21. g4 c5 22. b3 Qc6 23. a4 h6 24. Qa6 Qc7 25. Bf4 Bh4+ 26. Kg2 g5 27. Bc1 Qxe5 28. Qd3 Re8 29. e3 d4 30. exd4 Qe2+ 31. Qxe2 Rxe2+ 32. Kh3 Rf2 33. d5 Rxf3+ 34. Kg2 Rf2+ 35. Kg1 Rf6 36. Bb2 Bf2+ 37. Kg2 Bd4 38. Bxd4 cxd4 39. Rxd4 Kf8 40. Re4 Rd6 41. Rd4 Rf6 42. Re4 1/2-1/2

[Event "UKR-ch (Women) 80th"]
[Site "Kherson"]
[Date "2020.12.12"]
[Round "7"]
[White "Tsirulnik, Maritsa"]
[Black "Berdnyk, Mariia"]
[Result "0-1"]
[WhiteElo "2139"]
[BlackElo "2319"]
[PlyCount "73"]
[EventDate "2020.12.06"]
[EventType "swiss"]
[EventRounds "9"]
[EventCountry "UKR"]
[SourceTitle "CBM 199 Extra"]
[Source "ChessBase"]
[SourceDate "2021.01.31"]
[SourceVersion "1"]
[SourceVersionDate "2021.01.31"]
[SourceQuality "1"]

1. d4 Nf6 2. c4 e6 3. g3 d5 4. Bg2 dxc4 5. Qa4+ c6 6. Qxc4 b5 7. Qc2 Bb7 8. Nf3 Nbd7 9. Ne5 Nxe5 10. dxe5 Nd5 11. 0-0 Be7 12. Nc3 Qb6 13. Nxd5 cxd5 14. Be3 Qa5 15. Rfc1 Rc8 16. Qd3 0-0 17. Qd4 a6 18. Qa7 Rb8 19. Bb6 Qd2 20. Rc7 Bg5 21. f4 Bh6 22. Rxb7 Ra8 23. Qxa8 Rxa8 24. Rc7 g5 25. Rac1 Qxe2 26. Rc8+ Rxc8 27. Rxc8+ Kg7 28. Bf1 Qd1 29. Bd8 Kg6 30. Bf6 Kf5 31. Kf2 Qd2+ 32. Be2 gxf4 33. Rc3 fxg3+ 34. Rxg3 Bf4 35. Rd3 Qxb2 36. Kf3 Bxe5 37. Rb3 0-1

[Event "UKR-ch (Women) 80th"]
[Site "Kherson"]
[Date "2020.12.11"]
[Round "6"]
[White "Mashchenko, Tamila"]
[Black "Tsirulnik, Maritsa"]
[Result "0-1"]
[WhiteElo "1768"]
[BlackElo "2139"]
[PlyCount "132"]
[EventDate "2020.12.06"]
[EventType "swiss"]
[EventRounds "9"]
[EventCountry "UKR"]
[SourceTitle "CBM 199 Extra"]
[Source "ChessBase"]
[SourceDate "2021.01.31"]
[SourceVersion "1"]
[SourceVersionDate "2021.01.31"]
[SourceQuality "1"]

1. c4 e6 2. Nc3 d5 3. cxd5 exd5 4. d4 c6 5. Nf3 Bd6 6. Bg5 f6 7. Bh4 Ne7 8. Bg3 Bf5 9. Bxd6 Qxd6 10. e3 Qb4 11. Qd2 Nd7 12. Be2 a5 13. 0-0 a4 14. Nb5 Qxd2 15. Nd6+ Kd8 16. Nxd2 Kc7 17. Nxf5 Nxf5 18. Bd3 Nd6 19. Rac1 f5 20. f3 Rhe8 21. Kf2 b5 22. Rc2 Kb6 23. Rfc1 Rac8 24. h3 c5 25. g4 g6 26. gxf5 c4 27. Be2 Nxf5 28. Nf1 Re7 29. b3 Rce8 30. bxa4 b4 31. Rb2 Ka5 32. Rcb1 Rb8 33. Bd1 Rb6 34. Bc2 Nb8 35. Rd1 Rf6 36. Rdb1 Nc6 37. Rd1 Rfe6 38. Bxf5 gxf5 39. Ng3 Rf6 40. Nh5 Rd6 41. Rg1 Kxa4 42. Nf4 Ka3 43. Re2 Na7 44. Rg5 Nb5 45. Rxf5 Nc3 46. Rd2 Nxa2 47. Nxd5 Ra7 48. Nf4 c3 49. Re2 b3 50. Nd3 c2 51. Rc5 Nb4 52. Nxb4 Kxb4 53. Rcxc2 bxc2 54. Rxc2 Ra3 55. Rc7 h6 56. Re7 Kc4 57. f4 Rd5 58. Kf3 Rxd4 59. f5 Kc5 60. f6 Rd6 61. Re5+ Rd5 62. Re6 Rf5+ 63. Kg4 Rf1 64. e4 Kd4 65. h4 Ra5 66. f7 h5+ 0-1

[Event "UKR-ch (Women) 80th"]
[Site "Kherson"]
[Date "2020.12.10"]
[Round "5"]
[White "Tsirulnik, Maritsa"]
[Black "Martynkova, Olena"]
[Result "1/2-1/2"]
[WhiteElo "2139"]
[BlackElo "2262"]
[PlyCount "134"]
[EventDate "2020.12.06"]
[EventType "swiss"]
[EventRounds "9"]
[EventCountry "UKR"]
[SourceTitle "CBM 199 Extra"]
[Source "ChessBase"]
[SourceDate "2021.01.31"]
[SourceVersion "1"]
[SourceVersionDate "2021.01.31"]
[SourceQuality "1"]

1. d4 f5 2. Nf3 Nf6 3. g3 e6 4. Bg2 d5 5. 0-0 Bd6 6. c4 c6 7. Nc3 0-0 8. Qc2 Qe7 9. b3 Nbd7 10. Bb2 Ne4 11. Ne1 Nxc3 12. Qxc3 dxc4 13. Qxc4 Nb6 14. Qc2 e5 15. dxe5 Bxe5 16. Bxe5 Qxe5 17. Nd3 Qf6 18. Rad1 a5 19. Rd2 a4 20. Nc5 a3 21. e3 Kh8 22. Rfd1 h6 23. Rd4 Qe7 24. Qc3 Re8 25. Qb4 Qc7 26. Qd2 Be6 27. Nxe6 Rxe6 28. b4 Re7 29. Rd8+ Re8 30. Rd4 Qe5 31. Qc1 Kh7 32. R1d3 Qe6 33. Rxa3 Rxa3 34. Qxa3 Ra8 35. Qd3 Rxa2 36. Bh3 g6 37. g4 fxg4 38. Bxg4 Qe5 39. Bf3 h5 40. h4 Ra8 41. Rf4 Kh6 42. Kg2 Nd5 43. Bxd5 Rd8 44. Qe4 Qxd5 45. Qxd5 Rxd5 46. Re4 Rb5 47. f4 Kg7 48. Kf3 Kf6 49. Rd4 Rd5 50. Rxd5 cxd5 51. e4 dxe4+ 52. Kxe4 Ke6 53. b5 b6 54. Kd4 Kf5 55. Kd5 Kg4 56. Kc6 Kxh4 57. Kxb6 Kg4 58. Kc5 h4 59. b6 h3 60. b7 h2 61. b8Q h1Q 62. Qc8+ Kxf4 63. Qc7+ Kg4 64. Qd7+ Kf4 65. Qf7+ Kg5 66. Qe7+ Kg4 67. Qe6+ Kf4 1/2-1/2

[Event "UKR-ch (Women) 80th"]
[Site "Kherson"]
[Date "2020.12.07"]
[Round "2"]
[White "Grineva, Marianna"]
[Black "Tsirulnik, Maritsa"]
[Result "0-1"]
[WhiteElo "2001"]
[BlackElo "2139"]
[PlyCount "60"]
[EventDate "2020.12.06"]
[EventType "swiss"]
[EventRounds "9"]
[EventCountry "UKR"]
[SourceTitle "CBM 199 Extra"]
[Source "ChessBase"]
[SourceDate "2021.01.31"]
[SourceVersion "1"]
[SourceVersionDate "2021.01.31"]
[SourceQuality "1"]

1. e4 c5 2. Nf3 e6 3. d4 cxd4 4. Nxd4 Nc6 5. Nc3 d6 6. Be3 Nf6 7. f4 Be7 8. Qf3 e5 9. Nxc6 bxc6 10. f5 d5 11. exd5 cxd5 12. 0-0-0 Bb7 13. Bb5+ Kf8 14. Bg5 Qb6 15. Qe2 d4 16. Qxe5 dxc3 17. Be3 Qa5 18. Rhe1 Ne4 19. Bd4 cxb2+ 20. Kb1 Bf6 21. Rxe4 Bxe5 22. Rxe5 Kg8 23. Rde1 h6 24. Bd3 Qd8 25. c3 Bc6 26. Bc4 Qg5 27. g3 Bd7 28. Bd3 f6 29. Rd5 Qd2 30. Rxd7 Qxd3+ 0-1

[Event "UKR-ch blitz (Women)"]
[Site "Kherson"]
[Date "2020.12.05"]
[Round "8"]
[White "Mykhalets, Polina"]
[Black "Tsirulnik, Maritsa"]
[Result "0-1"]
[WhiteElo "1437"]
[BlackElo "2139"]
[PlyCount "64"]
[EventDate "2020.12.05"]
[EventType "swiss (blitz)"]
[EventRounds "9"]
[EventCountry "UKR"]
[SourceTitle "CBM 199 Extra"]
[Source "ChessBase"]
[SourceDate "2021.01.31"]
[SourceVersion "1"]
[SourceVersionDate "2021.01.31"]
[SourceQuality "1"]

1. e4 c5 2. Nc3 e6 3. f4 a6 4. Nf3 Nc6 5. d3 d5 6. g3 g6 7. Bg2 Bg7 8. 0-0 Nge7 9. Bd2 0-0 10. e5 b5 11. g4 b4 12. Ne2 d4 13. b3 Nd5 14. Ng3 Ne3 15. Bxe3 dxe3 16. Qe2 Nd4 17. Nxd4 Bd7 18. Bxa8 Qxa8 19. Nf3 f6 20. Qxe3 Bc6 21. Ne4 fxe5 22. Nxe5 Bd5 23. Rae1 Qd8 24. Nc4 Bd4 25. Ng5 Qc7 26. Qxd4 cxd4 27. Nxe6 Bxe6 28. Rxe6 Rxf4 29. Rfe1 Rxg4+ 30. Kh1 Qb7+ 31. R1e4 Rxe4 32. dxe4 Qf7 0-1